[Event "DEM U14w 2025"]
[Site "Willingen GER"]
[Date "2025.06.08"]
[Round "2"]
[White "Liu, Yuelin"]
[Black "Frenzel, Qorianka"]
[Result "0-1"]
[Termination "normal"]
[Board "14"]
[WhiteElo "972"]
[BlackElo "1650"]
[WhiteClock "00:28:25"]
[BlackClock "00:24:55"]
[PlyCount "90"]
[WhiteFideId "533035970"]
[BlackFideId "276294"]
[EventCountry "GER"]
[EventRounds "9"]
[EventType "swiss"]
[EventDate "2025.06.07"]

1. e4 {[%clk 01:30:57]} {[%emt 00:00:02]} e5 {[%clk 01:30:52]} {[%emt
00:00:08]} 2. Nf3 {[%clk 01:31:24]} {[%emt 00:00:04]} Nc6 {[%clk 01:31:12]}
{[%emt 00:00:10]} 3. Bc4 {[%clk 01:31:40]} {[%emt 00:00:14]} Nf6 {[%clk
01:31:31]} {[%emt 00:00:11]} 4. d3 {[%clk 01:31:25]} {[%emt 00:00:44]} Bc5
{[%clk 01:31:23]} {[%emt 00:00:39]} 5. Be3 {[%clk 01:31:33]} {[%emt 00:00:22]}
Bb6 {[%clk 01:30:57]} {[%emt 00:00:55]} 6. c3 {[%clk 01:31:39]} {[%emt
00:00:24]} d6 {[%clk 01:27:15]} {[%emt 00:04:12]} 7. h3 {[%clk 01:31:53]}
{[%emt 00:00:16]} h6 {[%clk 01:25:32]} {[%emt 00:02:13]} 8. Nbd2 {[%clk
01:31:59]} {[%emt 00:00:25]} Ne7 {[%clk 01:22:50]} {[%emt 00:03:12]} 9. Qe2
{[%clk 01:29:17]} {[%emt 00:03:11]} Ng6 {[%clk 01:17:16]} {[%emt 00:06:05]} 10.
d4 {[%clk 01:27:34]} {[%emt 00:02:13]} Qe7 {[%clk 01:13:02]} {[%emt 00:04:44]}
11. d5 {[%clk 01:26:04]} {[%emt 00:02:00]} Nh5 {[%clk 01:10:36]} {[%emt
00:02:55]} 12. g3 {[%clk 01:22:08]} {[%emt 00:04:26]} Bd7 {[%clk 01:07:02]}
{[%emt 00:04:05]} 13. Bb5 {[%clk 01:21:52]} {[%emt 00:00:46]} O-O {[%clk
00:56:39]} {[%emt 00:10:53]} 14. Bxd7 {[%clk 01:20:47]} {[%emt 00:01:35]} Qxd7
{[%clk 00:56:36]} {[%emt 00:00:32]} 15. Nc4 {[%clk 01:20:30]} {[%emt 00:00:48]}
Nf6 {[%clk 00:51:33]} {[%emt 00:05:32]} 16. Nxb6 {[%clk 01:19:32]} {[%emt
00:01:28]} axb6 {[%clk 00:51:50]} {[%emt 00:00:13]} 17. Rh2 {[%clk 01:12:16]}
{[%emt 00:07:46]} Nxe4 {[%clk 00:46:15]} {[%emt 00:06:05]} 18. Bxh6 {[%clk
01:12:26]} {[%emt 00:00:20]} Nxg3 {[%clk 00:46:28]} {[%emt 00:00:18]} 19. fxg3
{[%clk 01:11:22]} {[%emt 00:01:33]} gxh6 {[%clk 00:45:46]} {[%emt 00:01:12]}
20. Qd2 {[%clk 01:11:29]} {[%emt 00:00:24]} Kg7 {[%clk 00:45:21]} {[%emt
00:00:54]} 21. g4 {[%clk 01:11:26]} {[%emt 00:00:33]} f6 {[%clk 00:44:13]}
{[%emt 00:01:38]} 22. a3 {[%clk 01:08:22]} {[%emt 00:03:35]} Rae8 {[%clk
00:42:22]} {[%emt 00:02:20]} 23. O-O-O {[%clk 01:08:32]} {[%emt 00:00:20]} Qe7
{[%clk 00:39:05]} {[%emt 00:03:47]} 24. Qd3 {[%clk 01:06:41]} {[%emt 00:02:21]}
e4 {[%clk 00:38:21]} {[%emt 00:01:14]} 25. Qc2 {[%clk 01:05:58]} {[%emt
00:01:13]} exf3 {[%clk 00:38:19]} {[%emt 00:00:31]} 26. h4 {[%clk 01:06:09]}
{[%emt 00:00:19]} Qe3+ {[%clk 00:37:48]} {[%emt 00:01:02]} 27. Kb1 {[%clk
01:05:53]} {[%emt 00:00:46]} Qe4 {[%clk 00:36:10]} {[%emt 00:02:08]} 28. Rd3
{[%clk 01:05:56]} {[%emt 00:00:28]} Ne5 {[%clk 00:36:03]} {[%emt 00:00:36]} 29.
Rd4 {[%clk 00:53:33]} {[%emt 00:12:53]} Qxc2+ {[%clk 00:35:05]} {[%emt
00:01:27]} 30. Kxc2 {[%clk 00:53:47]} {[%emt 00:00:17]} Rf7 {[%clk 00:31:42]}
{[%emt 00:03:53]} 31. Rh3 {[%clk 00:50:50]} {[%emt 00:03:27]} Kf8 {[%clk
00:28:50]} {[%emt 00:03:22]} 32. Rg3 {[%clk 00:49:23]} {[%emt 00:01:56]} Rg7
{[%clk 00:28:28]} {[%emt 00:00:53]} 33. Rf4 {[%clk 00:49:32]} {[%emt 00:00:21]}
Ke7 {[%clk 00:26:56]} {[%emt 00:02:02]} 34. Re4 {[%clk 00:46:35]} {[%emt
00:03:27]} Kd7 {[%clk 00:26:00]} {[%emt 00:01:27]} 35. Rg1 {[%clk 00:39:17]}
{[%emt 00:07:47]} f5 {[%clk 00:25:35]} {[%emt 00:00:54]} 36. Re3 {[%clk
00:37:50]} {[%emt 00:01:58]} fxg4 {[%clk 00:25:35]} {[%emt 00:00:30]} 37. Kb3
{[%clk 00:34:03]} {[%emt 00:04:17]} g3 {[%clk 00:25:27]} {[%emt 00:00:37]} 38.
Rd1 {[%clk 00:29:58]} {[%emt 00:04:36]} g2 {[%clk 00:25:09]} {[%emt 00:00:48]}
39. Rd4 {[%clk 00:29:06]} {[%emt 00:01:22]} g1=Q {[%clk 00:25:03]} {[%emt
00:00:36]} 40. Rde4 {[%clk 00:29:05]} {[%emt 00:00:30]} Qxe3 {[%clk 00:24:35]}
{[%emt 00:00:59]} 41. Rxe3 {[%clk 00:28:54]} {[%emt 00:00:15]} f2 {[%clk
00:25:04]} 42. Re4 {[%clk 00:28:06]} {[%emt 00:01:20]} f1=Q {[%clk 00:25:34]}
43. Ra4 {[%clk 00:28:10]} {[%emt 00:00:51]} Qd1+ {[%clk 00:25:42]} {[%emt
00:00:22]} 44. Kb4 {[%clk 00:28:20]} {[%emt 00:00:20]} Rg4+ {[%clk 00:25:19]}
{[%emt 00:00:52]} 45. Kb5 {[%clk 00:28:25]} {[%emt 00:00:26]} Qxd5# {[%clk
00:24:55]} {[%emt 00:00:54]} 0-1

[Event "DEM U14w 2025"]
[Site "Willingen GER"]
[Date "2025.06.09"]
[Round "3"]
[White "Jordan, Christina"]
[Black "Czäczine, Paula"]
[Result "1-0"]
[Termination "normal"]
[Board "1"]
[WhiteElo "1815"]
[BlackElo "1965"]
[WhiteClock "00:15:42"]
[BlackClock "00:04:16"]
[PlyCount "127"]
[WhiteFideId "1347977"]
[BlackFideId "16249305"]
[EventCountry "GER"]
[EventRounds "9"]
[EventType "swiss"]
[EventDate "2025.06.07"]

1. e4 {[%clk 01:30:58]} {[%emt 00:00:02]} e5 {[%clk 01:30:56]} {[%emt
00:00:05]} 2. Nf3 {[%clk 01:31:22]} {[%emt 00:00:05]} Nc6 {[%clk 01:31:21]}
{[%emt 00:00:05]} 3. Bb5 {[%clk 01:31:47]} {[%emt 00:00:05]} a6 {[%clk
01:31:42]} {[%emt 00:00:09]} 4. Ba4 {[%clk 01:32:10]} {[%emt 00:00:07]} Nf6
{[%clk 01:32:04]} {[%emt 00:00:08]} 5. O-O {[%clk 01:32:31]} {[%emt 00:00:09]}
Be7 {[%clk 01:32:25]} {[%emt 00:00:09]} 6. Re1 {[%clk 01:32:50]} {[%emt
00:00:10]} b5 {[%clk 01:32:45]} {[%emt 00:00:11]} 7. Bb3 {[%clk 01:33:14]}
{[%emt 00:00:05]} O-O {[%clk 01:33:05]} {[%emt 00:00:10]} 8. c3 {[%clk
01:33:40]} {[%emt 00:00:04]} d5 {[%clk 01:33:15]} {[%emt 00:00:20]} 9. exd5
{[%clk 01:34:03]} {[%emt 00:00:07]} Nxd5 {[%clk 01:33:34]} {[%emt 00:00:11]}
10. Nxe5 {[%clk 01:34:21]} {[%emt 00:00:12]} Nxe5 {[%clk 01:33:50]} {[%emt
00:00:14]} 11. Rxe5 {[%clk 01:34:39]} {[%emt 00:00:11]} c6 {[%clk 01:34:05]}
{[%emt 00:00:15]} 12. Re1 {[%clk 01:34:43]} {[%emt 00:00:26]} Bd6 {[%clk
01:30:03]} {[%emt 00:04:32]} 13. d3 {[%clk 01:32:09]} {[%emt 00:03:04]} Bf5
{[%clk 01:27:44]} {[%emt 00:02:50]} 14. Qf3 {[%clk 01:31:35]} {[%emt 00:01:04]}
Qh4 {[%clk 01:15:31]} {[%emt 00:12:43]} 15. g3 {[%clk 01:31:35]} {[%emt
00:00:30]} Qh3 {[%clk 01:02:05]} {[%emt 00:13:56]} 16. Be3 {[%clk 01:30:25]}
{[%emt 00:01:40]} Bg4 {[%clk 00:54:58]} {[%emt 00:07:37]} 17. Qg2 {[%clk
01:29:08]} {[%emt 00:01:46]} Qh5 {[%clk 00:55:08]} {[%emt 00:00:20]} 18. Nd2
{[%clk 01:28:05]} {[%emt 00:01:33]} a5 {[%clk 00:50:29]} {[%emt 00:05:10]} 19.
Bd1 {[%clk 01:18:11]} {[%emt 00:10:23]} f5 {[%clk 00:43:48]} {[%emt 00:07:11]}
20. Bxg4 {[%clk 01:01:57]} {[%emt 00:16:44]} Qxg4 {[%clk 00:41:33]} {[%emt
00:02:45]} 21. f4 {[%clk 00:51:21]} {[%emt 00:11:07]} Rf6 {[%clk 00:37:08]}
{[%emt 00:04:54]} 22. Qf3 {[%clk 00:49:24]} {[%emt 00:02:27]} Qh3 {[%clk
00:36:21]} {[%emt 00:01:16]} 23. Qg2 {[%clk 00:46:32]} {[%emt 00:03:22]} Qh5
{[%clk 00:36:15]} {[%emt 00:00:37]} 24. Qf3 {[%clk 00:45:13]} {[%emt 00:01:49]}
Qh3 {[%clk 00:36:31]} {[%emt 00:00:14]} 25. Qg2 {[%clk 00:45:38]} {[%emt
00:00:05]} Qh5 {[%clk 00:36:43]} {[%emt 00:00:17]} 26. Qf3 {[%clk 00:46:04]}
{[%emt 00:00:04]} Qf7 {[%clk 00:37:07]} {[%emt 00:00:07]} 27. Bd4 {[%clk
00:44:10]} {[%emt 00:02:23]} Rg6 {[%clk 00:34:10]} {[%emt 00:03:27]} 28. Kh1
{[%clk 00:38:02]} {[%emt 00:06:38]} Rh6 {[%clk 00:28:38]} {[%emt 00:06:03]} 29.
Re2 {[%clk 00:35:11]} {[%emt 00:03:20]} Be7 {[%clk 00:16:23]} {[%emt 00:12:45]}
30. Qf2 {[%clk 00:30:27]} {[%emt 00:05:13]} Rf8 {[%clk 00:12:19]} {[%emt
00:04:35]} 31. Nf3 {[%clk 00:28:46]} {[%emt 00:02:11]} Nf6 {[%clk 00:08:54]}
{[%emt 00:03:55]} 32. Bxf6 {[%clk 00:27:27]} {[%emt 00:01:49]} Bxf6 {[%clk
00:08:50]} {[%emt 00:00:34]} 33. Ne5 {[%clk 00:24:14]} {[%emt 00:03:43]} Qd5+
{[%clk 00:08:15]} {[%emt 00:01:05]} 34. Qf3 {[%clk 00:24:27]} {[%emt 00:00:17]}
Qd6 {[%clk 00:06:42]} {[%emt 00:02:04]} 35. d4 {[%clk 00:23:12]} {[%emt
00:01:45]} g5 {[%clk 00:05:33]} {[%emt 00:01:39]} 36. Nd3 {[%clk 00:18:32]}
{[%emt 00:05:10]} g4 {[%clk 00:05:15]} {[%emt 00:00:49]} 37. Qe3 {[%clk
00:17:51]} {[%emt 00:01:09]} Bg7 {[%clk 00:04:40]} {[%emt 00:01:06]} 38. Kg1
{[%clk 00:16:53]} {[%emt 00:01:29]} Rg6 {[%clk 00:04:03]} {[%emt 00:01:07]} 39.
Rae1 {[%clk 00:15:32]} {[%emt 00:01:50]} Qd5 {[%clk 00:03:16]} {[%emt
00:01:18]} 40. a3 {[%clk 00:15:08]} {[%emt 00:00:55]} Rd6 {[%clk 00:00:49]}
{[%emt 00:02:56]} 41. Nc5 {[%clk 00:12:08]} {[%emt 00:03:30]} Rf7 {[%clk
00:27:46]} {[%emt 00:03:34]} 42. Qe8+ {[%clk 00:39:24]} {[%emt 00:03:13]} Rf8
{[%clk 00:27:43]} {[%emt 00:00:33]} 43. Qe3 {[%clk 00:38:13]} {[%emt 00:01:42]}
Rf7 {[%clk 00:28:04]} {[%emt 00:00:09]} 44. Qf2 {[%clk 00:38:21]} {[%emt
00:00:21]} Bf6 {[%clk 00:20:32]} {[%emt 00:08:02]} 45. Re8+ {[%clk 00:36:43]}
{[%emt 00:02:08]} Rf8 {[%clk 00:20:02]} {[%emt 00:01:00]} 46. Rxf8+ {[%clk
00:36:44]} {[%emt 00:00:28]} Kxf8 {[%clk 00:20:27]} {[%emt 00:00:06]} 47. Qe3
{[%clk 00:36:43]} {[%emt 00:00:31]} Qf7 {[%clk 00:19:01]} {[%emt 00:01:56]} 48.
Re2 {[%clk 00:28:34]} {[%emt 00:08:39]} h5 {[%clk 00:18:25]} {[%emt 00:01:05]}
49. Kf2 {[%clk 00:26:24]} {[%emt 00:02:41]} h4 {[%clk 00:16:44]} {[%emt
00:02:10]} 50. Kg1 {[%clk 00:25:40]} {[%emt 00:01:14]} h3 {[%clk 00:15:56]}
{[%emt 00:01:18]} 51. Kf2 {[%clk 00:25:55]} {[%emt 00:00:14]} Kg7 {[%clk
00:12:35]} {[%emt 00:03:51]} 52. Qe8 {[%clk 00:23:48]} {[%emt 00:02:37]} Qxe8
{[%clk 00:09:04]} {[%emt 00:04:01]} 53. Rxe8 {[%clk 00:23:18]} {[%emt
00:01:00]} Kf7 {[%clk 00:08:25]} {[%emt 00:01:08]} 54. Ra8 {[%clk 00:22:04]}
{[%emt 00:01:45]} a4 {[%clk 00:08:29]} {[%emt 00:00:26]} 55. Rc8 {[%clk
00:20:59]} {[%emt 00:01:35]} Be7 {[%clk 00:07:46]} {[%emt 00:01:13]} 56. Nd3
{[%clk 00:15:39]} {[%emt 00:05:49]} Bf6 {[%clk 00:06:04]} {[%emt 00:02:12]} 57.
Ne5+ {[%clk 00:14:59]} {[%emt 00:01:11]} Bxe5 {[%clk 00:06:23]} {[%emt
00:00:12]} 58. fxe5 {[%clk 00:15:24]} {[%emt 00:00:04]} Re6 {[%clk 00:05:46]}
{[%emt 00:01:07]} 59. Ke3 {[%clk 00:15:43]} {[%emt 00:00:11]} Ke7 {[%clk
00:04:37]} {[%emt 00:01:39]} 60. Kf4 {[%clk 00:15:49]} {[%emt 00:00:24]} Kd7
{[%clk 00:04:45]} {[%emt 00:00:23]} 61. Kxf5 {[%clk 00:14:47]} {[%emt
00:01:31]} Re7 {[%clk 00:04:54]} {[%emt 00:00:20]} 62. Rf8 {[%clk 00:14:51]}
{[%emt 00:00:25]} Rg7 {[%clk 00:05:05]} {[%emt 00:00:20]} 63. Kf6 {[%clk
00:15:16]} {[%emt 00:00:06]} Re7 {[%clk 00:04:16]} {[%emt 00:01:19]} 64. Rf7
{[%clk 00:15:42]} {[%emt 00:00:04]} 1-0

[Event "DEM U14w 2025"]
[Site "Willingen GER"]
[Date "2025.06.09"]
[Round "3"]
[White "Wagner, Cosima Thien-An"]
[Black "Komar, Valerie"]
[Result "1-0"]
[Termination "normal"]
[Board "2"]
[WhiteElo "1835"]
[BlackElo "1765"]
[WhiteClock "00:22:41"]
[BlackClock "00:00:36"]
[PlyCount "65"]
[WhiteFideId "34603484"]
[BlackFideId "34139664"]
[EventCountry "GER"]
[EventRounds "9"]
[EventType "swiss"]
[EventDate "2025.06.07"]

1. e4 {[%clk 01:30:58]} {[%emt 00:00:02]} e5 {[%clk 01:30:57]} {[%emt
00:00:04]} 2. Nf3 {[%clk 01:31:25]} {[%emt 00:00:02]} Nf6 {[%clk 01:31:23]}
{[%emt 00:00:04]} 3. Nxe5 {[%clk 01:31:53]} {[%emt 00:00:03]} d6 {[%clk
01:31:50]} {[%emt 00:00:03]} 4. Nf3 {[%clk 01:32:19]} {[%emt 00:00:04]} Nxe4
{[%clk 01:32:16]} {[%emt 00:00:03]} 5. Bd3 {[%clk 01:32:40]} {[%emt 00:00:09]}
Nf6 {[%clk 01:31:43]} {[%emt 00:01:03]} 6. h3 {[%clk 01:32:58]} {[%emt
00:00:12]} Be7 {[%clk 01:32:07]} {[%emt 00:00:05]} 7. O-O {[%clk 01:33:24]}
{[%emt 00:00:05]} O-O {[%clk 01:32:31]} {[%emt 00:00:06]} 8. c3 {[%clk
01:33:49]} {[%emt 00:00:06]} Nbd7 {[%clk 01:31:01]} {[%emt 00:02:00]} 9. Bc2
{[%clk 01:34:08]} {[%emt 00:00:11]} Re8 {[%clk 01:27:54]} {[%emt 00:03:37]} 10.
d4 {[%clk 01:34:31]} {[%emt 00:00:07]} b6 {[%clk 01:23:13]} {[%emt 00:05:11]}
11. Bf4 {[%clk 01:32:30]} {[%emt 00:02:30]} Bb7 {[%clk 01:20:46]} {[%emt
00:02:57]} 12. Re1 {[%clk 01:31:24]} {[%emt 00:01:36]} Nf8 {[%clk 01:14:30]}
{[%emt 00:06:46]} 13. Nbd2 {[%clk 01:31:18]} {[%emt 00:00:36]} Ng6 {[%clk
01:06:23]} {[%emt 00:08:37]} 14. Bg3 {[%clk 01:30:31]} {[%emt 00:01:17]} Qd7
{[%clk 00:58:41]} {[%emt 00:08:12]} 15. Nf1 {[%clk 01:25:03]} {[%emt 00:05:59]}
Rad8 {[%clk 00:53:51]} {[%emt 00:05:19]} 16. Ne3 {[%clk 01:23:15]} {[%emt
00:02:18]} Be4 {[%clk 00:48:09]} {[%emt 00:06:12]} 17. Bb3 {[%clk 01:17:21]}
{[%emt 00:06:24]} Nh5 {[%clk 00:44:48]} {[%emt 00:03:51]} 18. Nd2 {[%clk
01:08:43]} {[%emt 00:09:08]} Nxg3 {[%clk 00:44:01]} {[%emt 00:01:17]} 19. fxg3
{[%clk 01:09:08]} {[%emt 00:00:05]} Bb7 {[%clk 00:42:45]} {[%emt 00:01:46]} 20.
Nf3 {[%clk 01:02:10]} {[%emt 00:07:27]} Qc8 {[%clk 00:36:54]} {[%emt 00:06:21]}
21. d5 {[%clk 00:55:34]} {[%emt 00:07:07]} Ne5 {[%clk 00:34:44]} {[%emt
00:02:41]} 22. Nd4 {[%clk 00:54:31]} {[%emt 00:01:33]} Bg5 {[%clk 00:29:56]}
{[%emt 00:05:17]} 23. Qh5 {[%clk 00:47:58]} {[%emt 00:07:03]} h6 {[%clk
00:26:42]} {[%emt 00:03:45]} 24. Nef5 {[%clk 00:35:27]} {[%emt 00:13:00]} Nd3
{[%clk 00:19:47]} {[%emt 00:07:25]} 25. Rf1 {[%clk 00:32:37]} {[%emt 00:03:20]}
Ba6 {[%clk 00:14:29]} {[%emt 00:05:48]} 26. Nxg7 {[%clk 00:28:03]} {[%emt
00:05:04]} Ne5 {[%clk 00:04:34]} {[%emt 00:10:25]} 27. Nxe8 {[%clk 00:26:12]}
{[%emt 00:02:21]} Bxf1 {[%clk 00:05:00]} {[%emt 00:00:04]} 28. Rxf1 {[%clk
00:25:59]} {[%emt 00:00:43]} Rxe8 {[%clk 00:05:28]} {[%emt 00:00:01]} 29. Nf5
{[%clk 00:25:28]} {[%emt 00:01:02]} Kh7 {[%clk 00:03:40]} {[%emt 00:02:18]} 30.
Bc2 {[%clk 00:25:18]} {[%emt 00:00:37]} Ng6 {[%clk 00:03:10]} {[%emt 00:01:02]}
31. Nxh6 {[%clk 00:22:04]} {[%emt 00:03:43]} Be3+ {[%clk 00:00:59]} {[%emt
00:02:42]} 32. Kh2 {[%clk 00:22:25]} {[%emt 00:00:08]} Bxh6 {[%clk 00:00:36]}
{[%emt 00:00:54]} 33. Rxf7+ {[%clk 00:22:41]} {[%emt 00:00:14]} 1-0

[Event "DEM U14w 2025"]
[Site "Willingen GER"]
[Date "2025.06.09"]
[Round "3"]
[White "Rössling, Laura Marie"]
[Black "Färber, Anna"]
[Result "1/2-1/2"]
[Termination "normal"]
[Board "3"]
[WhiteElo "1760"]
[BlackElo "1702"]
[WhiteClock "00:08:02"]
[BlackClock "00:15:49"]
[PlyCount "55"]
[WhiteFideId "16289471"]
[BlackFideId "34633480"]
[EventCountry "GER"]
[EventRounds "9"]
[EventType "swiss"]
[EventDate "2025.06.07"]

1. e4 {[%clk 01:30:56]} {[%emt 00:00:03]} c5 {[%clk 01:30:55]} {[%emt
00:00:05]} 2. Nf3 {[%clk 01:31:11]} {[%emt 00:00:15]} d6 {[%clk 01:31:19]}
{[%emt 00:00:07]} 3. d4 {[%clk 01:31:33]} {[%emt 00:00:07]} cxd4 {[%clk
01:31:44]} {[%emt 00:00:05]} 4. Nxd4 {[%clk 01:31:55]} {[%emt 00:00:09]} Nf6
{[%clk 01:32:08]} {[%emt 00:00:05]} 5. Nc3 {[%clk 01:32:17]} {[%emt 00:00:09]}
a6 {[%clk 01:32:33]} {[%emt 00:00:05]} 6. g3 {[%clk 01:29:26]} {[%emt
00:03:21]} e5 {[%clk 01:32:40]} {[%emt 00:00:24]} 7. Nb3 {[%clk 01:28:52]}
{[%emt 00:01:04]} Be7 {[%clk 01:32:07]} {[%emt 00:01:02]} 8. Bg2 {[%clk
01:27:44]} {[%emt 00:01:38]} b5 {[%clk 01:24:25]} {[%emt 00:08:12]} 9. Be3
{[%clk 01:18:57]} {[%emt 00:09:17]} Bb7 {[%clk 01:21:34]} {[%emt 00:03:21]} 10.
a3 {[%clk 01:14:19]} {[%emt 00:05:09]} Nbd7 {[%clk 01:19:38]} {[%emt 00:02:25]}
11. Qe2 {[%clk 01:07:04]} {[%emt 00:07:45]} Rc8 {[%clk 01:13:17]} {[%emt
00:06:50]} 12. Rd1 {[%clk 01:01:02]} {[%emt 00:06:33]} Qc7 {[%clk 01:09:01]}
{[%emt 00:04:46]} 13. O-O {[%clk 00:57:50]} {[%emt 00:03:42]} O-O {[%clk
01:07:02]} {[%emt 00:02:27]} 14. Rfe1 {[%clk 00:52:45]} {[%emt 00:05:36]} Nb6
{[%clk 01:01:58]} {[%emt 00:05:34]} 15. Bc1 {[%clk 00:50:36]} {[%emt 00:02:39]}
Nc4 {[%clk 00:59:49]} {[%emt 00:02:39]} 16. Rd3 {[%clk 00:46:56]} {[%emt
00:04:11]} Qb6 {[%clk 00:51:47]} {[%emt 00:08:29]} 17. Nd2 {[%clk 00:42:11]}
{[%emt 00:05:18]} a5 {[%clk 00:46:35]} {[%emt 00:05:42]} 18. Nxc4 {[%clk
00:38:44]} {[%emt 00:03:57]} Rxc4 {[%clk 00:42:41]} {[%emt 00:04:23]} 19. b3
{[%clk 00:30:11]} {[%emt 00:09:04]} Rcc8 {[%clk 00:35:11]} {[%emt 00:07:59]}
20. Be3 {[%clk 00:21:32]} {[%emt 00:09:09]} Qc6 {[%clk 00:32:50]} {[%emt
00:02:50]} 21. Bg5 {[%clk 00:18:04]} {[%emt 00:03:59]} Qb6 {[%clk 00:20:10]}
{[%emt 00:13:10]} 22. Bxf6 {[%clk 00:16:49]} {[%emt 00:01:45]} Bxf6 {[%clk
00:20:35]} {[%emt 00:00:05]} 23. Nd5 {[%clk 00:16:58]} {[%emt 00:00:21]} Bxd5
{[%clk 00:21:01]} {[%emt 00:00:04]} 24. Rxd5 {[%clk 00:17:05]} {[%emt
00:00:24]} Rc5 {[%clk 00:19:49]} {[%emt 00:01:42]} 25. Red1 {[%clk 00:16:25]}
{[%emt 00:01:10]} Be7 {[%clk 00:19:27]} {[%emt 00:00:51]} 26. Bf1 {[%clk
00:14:05]} {[%emt 00:02:50]} Rfc8 {[%clk 00:15:31]} {[%emt 00:04:26]} 27. Rxc5
{[%clk 00:11:28]} {[%emt 00:03:08]} Qxc5 {[%clk 00:15:49]} {[%emt 00:00:12]}
28. Qxb5 {[%clk 00:08:02]} {[%emt 00:03:56]} 1/2-1/2

[Event "DEM U14w 2025"]
[Site "Willingen GER"]
[Date "2025.06.09"]
[Round "3"]
[White "Rafikova, Ailin"]
[Black "Burchardi, Helena"]
[Result "0-1"]
[Termination "normal"]
[Board "4"]
[WhiteElo "1773"]
[BlackElo "1800"]
[WhiteClock "00:01:47"]
[BlackClock "00:17:39"]
[PlyCount "66"]
[WhiteFideId "34612173"]
[BlackFideId "34636374"]
[EventCountry "GER"]
[EventRounds "9"]
[EventType "swiss"]
[EventDate "2025.06.07"]

1. e4 {[%clk 01:30:59]} e5 {[%clk 01:30:50]} {[%emt 00:00:11]} 2. Nf3 {[%clk
01:31:24]} {[%emt 00:00:05]} Nc6 {[%clk 01:31:10]} {[%emt 00:00:10]} 3. Bc4
{[%clk 01:31:45]} {[%emt 00:00:08]} Bc5 {[%clk 01:31:28]} {[%emt 00:00:13]} 4.
d3 {[%clk 01:32:04]} {[%emt 00:00:11]} Nf6 {[%clk 01:31:20]} {[%emt 00:00:37]}
5. O-O {[%clk 01:32:11]} {[%emt 00:00:23]} d6 {[%clk 01:29:57]} {[%emt
00:01:54]} 6. c3 {[%clk 01:31:40]} {[%emt 00:01:01]} O-O {[%clk 01:30:08]}
{[%emt 00:00:18]} 7. Nbd2 {[%clk 01:30:44]} {[%emt 00:01:26]} d5 {[%clk
01:29:06]} {[%emt 00:01:32]} 8. Bb3 {[%clk 01:30:18]} {[%emt 00:00:56]} Bg4
{[%clk 01:23:52]} {[%emt 00:05:45]} 9. Re1 {[%clk 01:28:53]} {[%emt 00:01:54]}
Bb6 {[%clk 01:22:10]} {[%emt 00:02:12]} 10. Qe2 {[%clk 01:25:23]} {[%emt
00:04:00]} d4 {[%clk 01:17:42]} {[%emt 00:04:59]} 11. Nf1 {[%clk 01:21:51]}
{[%emt 00:04:02]} Qd6 {[%clk 01:13:17]} {[%emt 00:04:55]} 12. Ng3 {[%clk
01:19:48]} {[%emt 00:02:32]} Rad8 {[%clk 01:12:22]} {[%emt 00:01:25]} 13. Bc2
{[%clk 01:19:38]} {[%emt 00:00:40]} dxc3 {[%clk 01:09:07]} {[%emt 00:03:45]}
14. bxc3 {[%clk 01:19:52]} {[%emt 00:00:16]} Ba5 {[%clk 01:08:46]} {[%emt
00:00:51]} 15. Bb2 {[%clk 01:05:23]} {[%emt 00:14:59]} Qc5 {[%clk 01:06:54]}
{[%emt 00:02:23]} 16. Qd2 {[%clk 01:02:47]} {[%emt 00:03:06]} Bxf3 {[%clk
01:01:28]} {[%emt 00:05:56]} 17. gxf3 {[%clk 01:02:53]} {[%emt 00:00:23]} Qb6
{[%clk 00:56:28]} {[%emt 00:05:31]} 18. Bd1 {[%clk 00:53:37]} {[%emt 00:09:46]}
Nd4 {[%clk 00:53:03]} {[%emt 00:03:55]} 19. Kh1 {[%clk 00:48:20]} {[%emt
00:05:46]} Ne6 {[%clk 00:49:59]} {[%emt 00:03:34]} 20. Rb1 {[%clk 00:45:43]}
{[%emt 00:03:06]} Nf4 {[%clk 00:46:57]} {[%emt 00:03:33]} 21. Bc2 {[%clk
00:44:12]} {[%emt 00:02:01]} Qe6 {[%clk 00:43:29]} {[%emt 00:03:55]} 22. Ba3
{[%clk 00:39:32]} {[%emt 00:05:12]} Qh3 {[%clk 00:43:22]} {[%emt 00:00:38]} 23.
Rg1 {[%clk 00:39:32]} {[%emt 00:00:30]} Rfe8 {[%clk 00:42:26]} {[%emt
00:01:26]} 24. Qd1 {[%clk 00:30:50]} {[%emt 00:09:11]} Bb6 {[%clk 00:37:41]}
{[%emt 00:05:16]} 25. Nf5 {[%clk 00:25:52]} {[%emt 00:05:27]} Bxf2 {[%clk
00:31:55]} {[%emt 00:06:17]} 26. Rg5 {[%clk 00:16:50]} {[%emt 00:09:32]} h6
{[%clk 00:27:09]} {[%emt 00:05:14]} 27. Rxg7+ {[%clk 00:14:50]} {[%emt
00:02:32]} Kh8 {[%clk 00:27:10]} {[%emt 00:00:29]} 28. Bc1 {[%clk 00:09:44]}
{[%emt 00:05:35]} N6h5 {[%clk 00:23:02]} {[%emt 00:04:38]} 29. Bxf4 {[%clk
00:07:06]} {[%emt 00:03:09]} Nxf4 {[%clk 00:23:06]} {[%emt 00:00:27]} 30. Rb2
{[%clk 00:04:52]} {[%emt 00:02:42]} Rg8 {[%clk 00:18:21]} {[%emt 00:05:15]} 31.
Bb1 {[%clk 00:04:19]} {[%emt 00:01:03]} Rxg7 {[%clk 00:17:55]} {[%emt
00:00:57]} 32. Rxf2 {[%clk 00:04:31]} {[%emt 00:00:18]} Rg2 {[%clk 00:17:39]}
{[%emt 00:00:45]} 33. Qe1 {[%clk 00:01:47]} {[%emt 00:03:14]} Qxh2# {[%emt
00:00:10]} 0-1